NBA All-Stars by Team: Atlanta Hawks - Statistics

General Stats
  • This quiz has been taken 4 times
  • The average score is 16 of 35
Answer Stats
Year(s) Position Answer % Correct
1955-1965 PF Bob Pettit
100%
1986-1994 SF Dominique Wilkins
100%
1963-1965, 1967, 1968 PG Lenny Wilkens
100%
2020, 2022, 2024, 2025 PG Trae Young
100%
2010, 2011, 2015, 2016 C Al Horford
75%
1997, 1998, 2000, 2001 C Dikembe Mutombo
75%
1980, 1981 SG Eddie Johnson
75%
2026 PF Jalen Johnson
75%
2007-2012 SF Joe Johnson
75%
2014-2017 PF Paul Millsap
75%
1988 PG Doc Rivers
50%
2015 PG Jeff Teague
50%
2015 SG Kyle Korver
50%
1969-1974 SF Lou Hudson
50%
1973,1974 SG Pete Maravich
50%
2002 PF Shareef Abdur-Rahim
50%
1967, 1968, 1970 PF Bill Bridges
25%
1956 SG Bob Harrison
25%
1997 PF Christian Laettner
25%
1958-1962 SF Cliff Hagan
25%
1960, 1961 C Clyde Lovellette
25%
1980-1982 PF Dan Roundfield
25%
1954 PG Dan Sunderlage
25%
1951, 1952 SF Dike Eddleman
25%
1957 C Ed Macauley
25%
1951 PG Frankie Brian
25%
1955 SF Frank Selvy
25%
1969, 1970 SG Joe Caldwell
25%
1976, 1980 PF John Drew
25%
1992 PF Kevin Willis
25%
1953 PF Mel Hutchins
25%
1994 PG Mookie Blaylock
25%
1989 C Moses Malone
25%
1957-1959 PG Slater Martin
25%
1966, 1968 C Zelmo Beaty
25%
No matching quizzes found
Score Distribution
Percent of People with Each Score
Percentile by Number Answered
Your Score History
You have not taken this quiz